000 01663nam0a2200361 i 4500
001 RU\NLR\BIBL_A\010807906
005 20240725005551.0
010 _a9785904482091
_9500
021 _aRU
_b2015-45125
_92681
035 _a(NILC)RuMoRGB-007963649
035 _a(NLR Aleph) 010807906
090 _a10190819
_c10190819
100 _a20150723d2015 d y0rusy50 ca
101 0 _arus
102 _aRU
105 _aa|||z|||000ay
200 1 _aБратство Вия
_eроманы, рассказы
_e[для среднего и старшего возраста]
_fПавел Перов
_g[послесл. и коммент. Г. Пилиева
_gил. П. Перова и К. Росомахо]
210 _aМосква
_cМиллиорк
_d2015
215 _a468, [2] с.
_cил.
_d21
225 1 _aБиблиотека приключений и научной фантастики
_fсост. и ред.: Георгий Пилиев
327 1 _aСодерж.: Братство Вия; Пациент доктора Арнольди; Опыт профессора Кнопа; Великий Аоха; Магнит; Сенсационная статья репортера Мак-Карти; Серая Хризантема
333 _a12+
686 0 _aШ9(2)62=Р7-4
700 1 _aПеров
_bП. Н.
_f1886-1980
_gПавел Николаевич
702 1 _aПеров
_bП. Н.
_f1886-1980
_gПавел Николаевич
_4040
702 1 _aРосомахо
_bК.А.
_4040
801 0 _aRU
_bРГБ
_c20150626
_gRCR
942 _cBOOK
980 _aNBR